Hesychasm and Art (Record no. 351141)
[ view plain ]
| 000 -LEADER | |
|---|---|
| fixed length control field | 00529nam a2200133Ia 4500 |
| 008 - FIXED-LENGTH DATA ELEMENTS--GENERAL INFORMATION | |
| fixed length control field | 171212s9999 xx 000 0 und d |
| 020 ## - INTERNATIONAL STANDARD BOOK NUMBER | |
| International Standard Book Number | 9781925021837 |
| 100 ## - MAIN ENTRY--PERSONAL NAME | |
| Personal name | Strezova, Anita |
| 245 ## - TITLE STATEMENT | |
| Statement of responsibility, etc | Strezova, Anita |
| Title | Hesychasm and Art |
| Remainder of title | The Appearance of New Iconographic Trends in Byzantine and Slavic Lands in the 14th and 15th Centuries |
| 260 ## - PUBLICATION, DISTRIBUTION, ETC. (IMPRINT) | |
| Name of publisher, distributor, etc | ANU E Press |
| Date of publication, distribution, etc | 2014 |
| 650 ## - SUBJECT ADDED ENTRY--TOPICAL TERM | |
| Topical term or geographic name as entry element | Art & Art History |
| 650 ## - SUBJECT ADDED ENTRY--TOPICAL TERM | |
| Topical term or geographic name as entry element | Hesychasm -- In art; Mysticism and art; Christianity and art |
| 856 ## - ELECTRONIC LOCATION AND ACCESS | |
| Uniform Resource Identifier | <a href="http://www.jstor.org/stable/j.ctt13www4f">http://www.jstor.org/stable/j.ctt13www4f</a> |
| Withdrawn status | Lost status | Damaged status | Home library | Current library | Date acquired | Total Checkouts | Date last seen | Price effective from | Koha item type |
|---|---|---|---|---|---|---|---|---|---|
| College Library | College Library | 12/12/2017 | 12/12/2017 | 12/12/2017 | Curriculum - Based eBooks |